[Event "AUTO-ADV-4916"]
[Site "http://www.queenalice.com/game.php?id=1870037"]
[Date "2026.3.3"]
[Round "2"]
[White "Capixaba789"]
[Black "chessman"]
[Result "1-0"]
[WhiteElo "1956"]
[BlackElo "2023"]

1. d4 d5 2. Nc3 c6 3. f4 Nf6 4. Nf3 e6 5. e3 Be7 6. Bd3 a6 7. O-O O-O 8. Ne5
Nbd7 9. Ne2 c5 10. c3 cxd4 11. exd4 Qb6 12. Ng3 h6 13. Qf3 Nb8 14. Kh1 Nc6 15.
b4 Rd8 16. a4 Bd7 17. Ba3 Rac8 18. b5 Nxe5 19. fxe5 Bxa3 20. Rxa3 Ne4 21. Nxe4
dxe4 22. Qxf7+ Kh8 23. Bxe4 1-0

[Event "AUTO-ADV-4916"]
[Site "http://www.queenalice.com/game.php?id=1870038"]
[Date "2026.3.3"]
[Round "2"]
[White "chessman"]
[Black "Capixaba789"]
[Result "1-0"]
[WhiteElo "2004"]
[BlackElo "1975"]

1. e4 e5 2. Nf3 d6 3. d4 exd4 4. Nxd4 Nf6 5. Nc3 Be7 6. Ke2 Bg4+ 7. f3 Bh5 8.
Be3 c5 9. Nf5 Kf8 10. Nd5 Nxd5 11. exd5 Bf6 12. c3 Nd7 13. Nxd6 b5 14. Ne4 c4
15. Bd4 Ne5 16. Bc5+ Kg8 17. Nxf6+ Qxf6 18. Kd2 Nxf3+ 19. gxf3 Bxf3 20. Be2 Bxh1
21. Qxh1 h6 22. Rg1 Kh7 23. Qe4+ g6 24. Bd4 Qd6 25. Bxh8 Rxh8 26. Qf3 Rf8 27. h4
Qc5 28. Rg4 a5 29. Rd4 Qd6 30. Qf4 h5 31. Qxd6 1-0

[Event "AUTO-ADV-4923"]
[Site "http://www.queenalice.com/game.php?id=1870310"]
[Date "2026.3.9"]
[Round "1"]
[White "Capixaba789"]
[Black "matamuff"]
[Result "1/2-1/2"]
[WhiteElo "1916"]
[BlackElo "1904"]

1. d4 d6 2. e4 g6 3. f4 Nh6 4. Nf3 Bg7 5. Bd3 Bg4 6. O-O O-O 7. Qe1 e6 8. Be3
Nd7 9. c4 Bxf3 10. Rxf3 f5 11. Nc3 Ng4 12. Qg3 Nxe3 13. Rxe3 Nf6 14. Kh1 a6 15.
e5 Ng4 16. Re2 dxe5 17. dxe5 Nh6 18. Rd1 Qe8 19. Red2 Rd8 20. Ne2 c5 21. a3 Rf7
22. Bc2 Rfd7 23. Rxd7 Rxd7 1/2-1/2

[Event "AUTO-ADV-4923"]
[Site "http://www.queenalice.com/game.php?id=1870311"]
[Date "2026.3.9"]
[Round "1"]
[White "matamuff"]
[Black "Capixaba789"]
[Result "0-1"]
[WhiteElo "1904"]
[BlackElo "1895"]

1. Na3 e5 2. Nc4 e4 3. d3 d5 4. Na3 f5 5. c4 Nf6 6. Bg5 Be7 7. g3 O-O 8. Bg2 c6
9. Nh3 Be6 10. Nf4 Bb4+ 11. Kf1 Bf7 12. Nc2 Be7 13. Ne3 d4 14. Nxf5 e3 15. fxe3
dxe3 16. Nxe3 Nbd7 17. Kf2 a5 18. Rf1 Ne5 19. Nf5 Bg6 20. Nxe7+ Qxe7 21. Kg1
Neg4 22. Nxg6 hxg6 23. h3 Ne3 24. Bxe3 Qxe3+ 25. Kh2 Nh5 26. Rf3 Qd4 27. b3 Rxf3
28. exf3 Rd8 29. Qe2 Qxa1 30. Bf1 Qf6 31. Qe4 Qd6 32. Kg2 Qxg3+ 33. Kh1 Rf8 34.
Qg4 Qe1 35. Qg1 Rxf3 36. Kg2 Rg3+ 0-1

[Event "Let's Play Chess!"]
[Site "http://www.queenalice.com/game.php?id=1870331"]
[Date "2026.3.11"]
[Round "-"]
[White "alow_proton"]
[Black "Capixaba789"]
[Result "1-0"]
[WhiteElo "2126"]
[BlackElo "1905"]

1. e4 e5 2. f4 exf4 3. Nf3 d5 4. e5 Bg4 5. d4 Be7 6. Bxf4 Nc6 7. Bb5 a6 8. Bxc6+
bxc6 9. O-O h5 10. h3 Be6 11. a3 Nh6 12. Nc3 Nf5 13. Qd3 h4 14. Nd2 Qb8 15. b4
a5 16. b5 cxb5 17. Nxb5 Ra6 18. Nxc7+ Qxc7 19. Qxa6 O-O 20. Qd3 Nxd4 21. c3 Nf5
22. Rfc1 Bxa3 23. Rc2 Be7 24. Rca2 Ra8 25. Kh1 d4 26. Rc2 Ng3+ 27. Bxg3 hxg3 28.
cxd4 Qb7 29. Qxg3 Bd5 30. Rb1 Qa7 31. Qe3 Bb4 32. Nf3 Bxf3 33. gxf3 Qd7 34. f4
Qf5 35. Rcb2 Rc8 36. Rb3 Rc3 37. Rxc3 Qxb1+ 38. Rc1 Qb2 39. d5 g6 40. d6 Bd2 41.
Rc8+ Kh7 42. Qf3 a4 43. d7 1-0

[Event "Let's Play Chess!"]
[Site "http://www.queenalice.com/game.php?id=1870332"]
[Date "2026.3.11"]
[Round "-"]
[White "Capixaba789"]
[Black "alow_proton"]
[Result "0-1"]
[WhiteElo "1911"]
[BlackElo "2131"]

1. d4 d5 2. Nc3 Nf6 3. f4 e6 4. e3 c5 5. dxc5 Bxc5 6. Nf3 Nc6 7. Bd3 O-O 8. O-O
Ng4 9. Bxh7+ Kh8 10. Ng5 Nxe3 11. Bxe3 Bxe3+ 12. Kh1 g6 13. Qg4 Kg7 14. Bxg6
fxg6 15. Qg3 Bd4 16. Rae1 Qf6 17. Nb5 Bb6 18. Nd6 Nd8 19. Nxc8 Rxc8 20. c3 Rc4
21. Qh3 Rh8 22. Qg4 Rc6 23. Rf3 Qf5 24. Qg3 Bc7 25. Qf2 Bb6 26. Qe2 Bc7 27. Re3
Bxf4 28. Nxe6+ Nxe6 29. Rxe6 Rxe6 30. Qxe6 Qxe6 31. Rxe6 Kf7 32. Re2 Re8 33.
Rxe8 Kxe8 34. Kg1 Be3+ 35. Kf1 Bc1 0-1

[Event "Let's Play Chess!"]
[Site "http://www.queenalice.com/game.php?id=1870337"]
[Date "2026.3.14"]
[Round "-"]
[White "alow_proton"]
[Black "Capixaba789"]
[Result "1-0"]
[WhiteElo "2125"]
[BlackElo "1914"]

1. e4 e5 2. f4 d5 3. exd5 exf4 4. Nf3 Be7 5. Bb5+ Bd7 6. Bxd7+ Nxd7 7. O-O Ngf6
8. c4 O-O 9. d4 Ne4 10. Bxf4 f5 11. Nc3 Nd6 12. c5 Ne8 13. b4 Ndf6 14. Qb3 g6
15. d6+ 1-0

[Event "Let's Play Chess!"]
[Site "http://www.queenalice.com/game.php?id=1870338"]
[Date "2026.3.14"]
[Round "-"]
[White "Capixaba789"]
[Black "alow_proton"]
[Result "0-1"]
[WhiteElo "1893"]
[BlackElo "2128"]

1. d4 d5 2. Nc3 Nf6 3. f4 e6 4. Nf3 c5 5. e3 Nc6 6. Be2 c4 7. O-O a6 8. Bd2 b5
9. Ne5 Qc7 10. Bf3 Bb7 11. Ne2 Be7 12. Ng3 O-O 13. c3 Nd7 14. Kh1 f6 15. Ng4 Nd8
16. a3 Re8 17. e4 dxe4 18. Nxe4 Rb8 19. Be3 Bxe4 20. Bxe4 f5 21. Nh6+ gxh6 22.
Bc2 Nf6 23. Qf3 Kh8 24. Qh3 Nf7 25. Rf3 Rg8 26. Raf1 Rg7 27. d5 Nxd5 28. Bd4 Bf6
29. Bxf6 Nxf6 30. Qh4 Nd5 31. h3 Rbg8 32. R1f2 Qc5 33. Kh2 Ne3 34. Bb1 Nxg2 35.
Qf6 Qd6 36. Bc2 Ne1 37. Re3 Nd3 38. Bxd3 cxd3 39. Rxe6 Qb8 40. Qxf5 Ng5 41. Rxh6
Rf8 42. Qxd3 Rxf4 43. Rxf4 Qxf4+ 44. Kh1 Qf3+ 45. Qxf3 Nxf3 0-1

[Event "AUTO-ADV-4924"]
[Site "http://www.queenalice.com/game.php?id=1870450"]
[Date "2026.3.13"]
[Round "1"]
[White "zubarev"]
[Black "Capixaba789"]
[Result "0-1"]
[WhiteElo "1763"]
[BlackElo "1914"]

1. e4 Nf6 2. Nc3 e5 3. d3 c5 4. Nf3 Be7 5. Be2 Nc6 6. O-O d6 7. Bg5 Be6 8. Bxf6
Bxf6 9. Nd2 O-O 10. f4 exf4 11. Rxf4 Nd4 12. Rf1 b6 13. Nf3 a5 14. Nd5 Re8 15.
Nxd4 Bxd4+ 16. Kh1 Bxd5 17. exd5 Bxb2 18. Rb1 Be5 19. c4 Qh4 20. g3 Bxg3 21. Kg2
Qxh2+ 22. Kf3 Be5 23. Rg1 Qf4+ 24. Kg2 Bd4 25. Rf1 Qg5+ 26. Kh1 Re3 0-1

[Event "AUTO-ADV-4924"]
[Site "http://www.queenalice.com/game.php?id=1870451"]
[Date "2026.3.13"]
[Round "1"]
[White "Capixaba789"]
[Black "zubarev"]
[Result "1-0"]
[WhiteElo "1903"]
[BlackElo "1774"]

1. d4 d5 2. Nc3 Nf6 3. e4 dxe4 4. f3 exf3 5. Qxf3 e6 6. Be3 Be7 7. O-O-O O-O 8.
Bd3 Nbd7 9. Nh3 Re8 10. Rdf1 Nf8 11. Ne4 Ng6 12. Nhg5 h6 13. Nxf7 Kxf7 14. Nxf6
gxf6 15. Bxh6 Rg8 16. h4 Bf8 17. Be3 Bg7 18. h5 Nh8 19. c3 Qf8 20. h6 Ng6 21.
Bxg6+ Kxg6 22. Qh5+ Kh7 23. hxg7+ 1-0

[Event "AUTO-ADV-4924"]
[Site "http://www.queenalice.com/game.php?id=1870461"]
[Date "2026.3.13"]
[Round "1"]
[White "Capixaba789"]
[Black "maurice916"]
[Result "0-1"]
[WhiteElo "1898"]
[BlackElo "1865"]

1. d4 Nf6 2. c4 c6 3. Nc3 d5 4. e3 e6 5. f4 Bb4 6. Bd2 Nbd7 7. Nf3 O-O 8. c5
Bxc3 9. Bxc3 a5 10. Bd3 Re8 11. a4 Ne4 12. O-O f5 13. Ne5 Ndf6 14. Qf3 Qc7 15.
Be1 b6 16. Bh4 bxc5 17. dxc5 Nd2 18. Qg3 Nxf1 19. Rxf1 Nh5 20. Qf3 g6 21. Bg5
Rb8 22. Rb1 Bb7 23. g4 Ng7 24. Bh4 Ra8 25. g5 Ba6 26. Bxa6 Rxa6 27. b3 Raa8 28.
Be1 Reb8 29. Bc3 Rb7 30. Bd4 Rab8 31. h4 Rxb3 32. Qd1 Rxb1 0-1

[Event "AUTO-OPEN-4643"]
[Site "http://www.queenalice.com/game.php?id=1870496"]
[Date "2026.3.13"]
[Round "1"]
[White "SGF"]
[Black "Capixaba789"]
[Result "1/2-1/2"]
[WhiteElo "1767"]
[BlackElo "1911"]

1. e4 e5 2. Qf3 Nc6 3. c3 d6 4. Be2 h5 5. d3 Nf6 6. Qg3 Be6 7. h4 Qd7 8. b4 Be7
9. Bf3 O-O-O 10. a4 Ng4 11. Bxg4 Bxg4 12. f3 Be6 13. Bg5 f6 14. Be3 Rdf8 15. Qf2
d5 16. b5 Na5 17. Bxa7 d4 18. cxd4 exd4 19. Nd2 b6 20. Nc4 Nxc4 21. dxc4 Kb7 22.
Bxb6 cxb6 23. Ne2 Ra8 24. Nxd4 Bxc4 25. Nc6 Bxb5 26. Nxe7 Qxe7 27. Qb2 Ba6 28.
a5 Qc5 29. Qxb6+ Qxb6 30. axb6 Rad8 31. Kf2 Rd2+ 32. Kg3 Rhd8 33. Rhb1 R2d6 34.
Ra3 Rxb6 35. Rxb6+ Kxb6 36. Kf4 g6 37. g4 hxg4 38. Kxg4 Rd3 39. Rxd3 Bxd3 40. h5
gxh5+ 41. Kxh5 f5 42. e5 Kc6 43. Kg5 Kd7 44. f4 Ke6 45. Kg6 Be4 46. Kg5 Bd3 47.
Kg6 Bc2 48. Kg5 Bb1 49. Kg6 Bc2 50. Kg7 Be4 51. Kg6 Bd3 1/2-1/2

[Event "AUTO-OPEN-4643"]
[Site "http://www.queenalice.com/game.php?id=1870497"]
[Date "2026.3.13"]
[Round "1"]
[White "Capixaba789"]
[Black "SGF"]
[Result "1-0"]
[WhiteElo "1893"]
[BlackElo "1739"]

1. d4 e6 2. e4 Qf6 3. f4 d5 4. e5 Qf5 5. Nf3 h5 6. Bd3 Qg4 7. Nc3 c6 8. Be3 Qxg2
9. Rg1 Qh3 10. Qe2 Nh6 11. O-O-O Ng4 12. Ng5 Qxh2 13. Rg2 Qh4 14. Nxf7 Kxf7 15.
Bd2 Qe7 16. Rdg1 b5 17. Nd1 a5 18. Ne3 Rg8 19. Nxg4 hxg4 20. Rxg4 Nd7 21. Bg6#
1-0

[Event "AUTO-OPEN-4643"]
[Site "http://www.queenalice.com/game.php?id=1870516"]
[Date "2026.3.13"]
[Round "1"]
[White "Capixaba789"]
[Black "Shizumaru_Hisame"]
[Result "1-0"]
[WhiteElo "1893"]
[BlackElo "1922"]

1. d4 b6 2. c4 Bb7 3. Nc3 e6 4. e4 Bb4 5. Bd2 Bxc3 6. Bxc3 Bxe4 7. Nf3 Bb7 8.
Bd3 Nf6 9. O-O d6 10. Re1 Qe7 11. Ng5 Nbd7 12. d5 O-O-O 13. dxe6 fxe6 14. Nxe6
Rdg8 15. Nxc7 Qf7 16. Nb5 d5 17. Nd6+ 1-0

[Event "Let's Play Chess!"]
[Site "http://www.queenalice.com/game.php?id=1870604"]
[Date "2026.3.16"]
[Round "-"]
[White "alow_proton"]
[Black "Capixaba789"]
[Result "1-0"]
[WhiteElo "2115"]
[BlackElo "1894"]

1. e4 d5 2. exd5 Qxd5 3. Nc3 Qd8 4. Bc4 e6 5. Nf3 Nf6 6. d4 Be7 7. O-O O-O 8. a3
Nc6 9. b4 Bd7 10. Bb2 a6 11. Qd3 Bd6 12. Ne4 Nxe4 13. Qxe4 f5 14. Qe3 Qe7 15.
Rae1 Kh8 16. Bxe6 Bxe6 17. Qxe6 Qd8 18. Qe2 Ne7 19. c4 Ng6 20. g3 f4 21. c5 Be7
22. Qe4 fxg3 23. fxg3 c6 24. Ne5 Rxf1+ 25. Rxf1 Nxe5 26. dxe5 h6 27. e6 Qc7 28.
Rf7 1-0

[Event "Let's Play Chess!"]
[Site "http://www.queenalice.com/game.php?id=1870605"]
[Date "2026.3.16"]
[Round "-"]
[White "Capixaba789"]
[Black "alow_proton"]
[Result "1-0"]
[WhiteElo "1867"]
[BlackElo "2135"]

1. e4 c5 2. d3 Nc6 3. f4 d6 4. Nf3 Bg4 5. Be2 Nf6 6. O-O e6 7. Nc3 Be7 8. Be3
O-O 9. Qe1 a6 10. Ng5 Bxe2 11. Nxe2 h6 12. Nf3 Nb4 13. Qd1 Ng4 14. Bd2 Nc6 15.
Ng3 Nd4 16. Nxd4 cxd4 17. Qxg4 Kh7 18. Nh5 Rg8 19. f5 exf5 20. exf5 Bf6 21. Nf4
Bg5 22. Rad1 d5 23. Nh5 Bxd2 24. Rxd2 Qg5 25. Qxg5 hxg5 26. f6 Kg6 27. Nxg7 1-0